Η οικογένεια με παιδί στο αυτιστικό φάσμα στη σύγχρονη παιδική διπλωματική εργασία [μεταπτυχιακή εργασία]
Αποθηκεύτηκε σε:
| Κύριος συγγραφέας: | |
|---|---|
| Συγγραφή απο Οργανισμό/Αρχή: | |
| Άλλοι συγγραφείς: | |
| Μορφή: | Thesis Βιβλίο |
| Γλώσσα: | Greek |
| Δημοσίευση: |
2014
|
| Θέματα: | |
| Διαθέσιμο Online: | http://hdl.handle.net/11610/13675 |
| Ετικέτες: |
Προσθήκη ετικέτας
Δεν υπάρχουν, Καταχωρήστε ετικέτα πρώτοι!
|
MARC
| LEADER | 00000cam a2200000 i 4500 | ||
|---|---|---|---|
| 001 | 1/63801 | ||
| 008 | 150116s2014 gre d | ||
| 035 | |l 10120477 | ||
| 040 | |a GR-MY-UA |b gre |e aacr | ||
| 041 | 0 | |a gre | |
| 082 | 0 | |a 808.8 |2 (22) | |
| 100 | 1 | |a Πετρή, Καλλιόπη Δ. | |
| 245 | 1 | 2 | |a Η οικογένεια με παιδί στο αυτιστικό φάσμα στη σύγχρονη παιδική/νεανική λογοτεχνία : |b διπλωματική εργασία [μεταπτυχιακή εργασία] / |c Καλλιόπη Δ. Πετρή ; επιβλέπουσα: Ασημίνα Τσιμπιδάκη |
| 260 | |c 2014 | ||
| 300 | |a 144 σ.; |c 30 εκ. | ||
| 500 | |a Μέλη εξεταστικής επιτροπής: Διαμάντη Αναγνωστοπούλου, Μαρία Γκασούκα | ||
| 502 | |a Διατριβή (μεταπτυχιακή) – Πανεπιστήμιο Αιγαίου, Ρόδος, 2014. | ||
| 504 | |a Βιβλιογραφία: σ. 107-115 | ||
| 650 | 0 | 0 | |a Children's literature |x History and criticism. |
| 650 | 0 | 0 | |a Children with disabilities |x Family relationships. |
| 650 | 0 | 0 | |a Parents of children with disabilities. |
| 650 | 0 | 0 | |a Dissertations, Academic |z Greece. |
| 700 | 1 | |a Τσιμπιδάκη, Ασημίνα. |4 ths | |
| 710 | 1 | |a Πανεπιστήμιο Αιγαίου |b Σχολή Ανθρωπιστικών Επιστημών |b Τμήμα Επιστημών της Προσχολικής Αγωγής και του Εκπαιδευτικού Σχεδιασμού |b Μεταπτυχιακό Πρόγραμμα Σπουδών Παιδικό Βιβλίο και Παιδαγωγικό Υλικό. | |
| 852 | |a INST |b RHODES |c DIATR |e 20150116 |h 808.8 ΠΕΤ |p 005400037454 |q 005400037454 |t MTXE |y 23 | ||
| 852 | |a INST |b RHODES |c DIATR |e 20150116 |h 808.8 ΠΕΤ |p 005400037455 |q 005400037455 |t MTXE |y 23 | ||
| 856 | |u http://hdl.handle.net/11610/13675 | ||
| 901 | |a BIBL4-2015-1 | ||
| 909 | |a Ρ |b 183772 | ||
| 909 | |a Ρ |b 183773 | ||
| 924 | |a ΠΕΤΡΗ |b ΚΑΛΛΙΟΠΗ Δ. |y ΡΟΔΟΣ |z 2014-11 | ||
| 970 | |z 2015/01/16 | ||